Countries Without the Letter A - Statistics

General Stats
  • This quiz has been taken 85 times
    69 since last reset
  • The average score is 23 of 29
Answers on the Map
Answers color-coded by a green-red scale on the quiz's map according to % correct below.
 
Answer Stats
Country % Correct
Chile
95%
Peru
92%
Sweden
92%
Mexico
90%
Egypt
88%
Fiji
88%
Kosovo
87%
Greece
83%
Morocco
83%
Turkey
83%
Belgium
82%
Luxembourg
82%
United Kingdom
82%
Cyprus
80%
Yemen
80%
Belize
78%
Niger
78%
Togo
77%
Benin
73%
Djibouti
73%
Liechtenstein
73%
Philippines
73%
Comoros
68%
Lesotho
68%
Burundi
67%
Seychelles
65%
Republic of the Congo
63%
Brunei
62%
Montenegro
58%
No matching quizzes found
Score Distribution
Percent of People with Each Score
Percentile by Number Answered
Your Score History
You have not taken this quiz since the last reset